<?xml version="1.0" encoding="UTF-8"?>
<marc:record xmlns:marc="http://www.loc.gov/MARC21/slim">
   <marc:leader>00000nam a2200000 a 4500</marc:leader>
   <marc:datafield ind1="1" ind2=" " tag="100">
      <marc:subfield code="a">Mugford, Simon</marc:subfield>
      <marc:subfield code="4">aut</marc:subfield>
      <marc:subfield code="e">Verfasser/-in</marc:subfield>
   </marc:datafield>
   <marc:datafield ind1="1" ind2=" " tag="100">
      <marc:subfield code="a">Green, Dan</marc:subfield>
   </marc:datafield>
   <marc:datafield ind1="1" ind2=" " tag="100">
      <marc:subfield code="a">Thiele, Ulrich</marc:subfield>
   </marc:datafield>
   <marc:datafield ind1=" " ind2=" " tag="653">
      <marc:subfield code="a">Rennfahrer</marc:subfield>
   </marc:datafield>
   <marc:datafield ind1=" " ind2=" " tag="653">
      <marc:subfield code="a">Sachbilderbuch</marc:subfield>
   </marc:datafield>
   <marc:datafield ind1="0" ind2="0" tag="245">
      <marc:subfield code="a">Sport-Stars. Alles über Verstappen</marc:subfield>
   </marc:datafield>
   <marc:datafield ind1="0" ind2="0" tag="245">
      <marc:subfield code="b">Vom Rennfahr - Talent zum Megastar</marc:subfield>
   </marc:datafield>
   <marc:datafield ind1="0" ind2="0" tag="245">
      <marc:subfield code="c">Mugford, Simon</marc:subfield>
   </marc:datafield>
   <marc:datafield ind1=" " ind2="1" tag="264">
      <marc:subfield code="a">Ravensburg</marc:subfield>
      <marc:subfield code="b">Ravensburger Verlag GmbH</marc:subfield>
      <marc:subfield code="c">2026</marc:subfield>
   </marc:datafield>
   <marc:datafield ind1="1" ind2=" " tag="490">
      <marc:subfield code="a">Sport- Stars</marc:subfield>
   </marc:datafield>
   <marc:datafield ind1=" " ind2=" " tag="250">
      <marc:subfield code="a">1. Auflage</marc:subfield>
   </marc:datafield>
   <marc:datafield ind1="1" ind2=" " tag="520">
      <marc:subfield code="a">Alles über Verstappen: Träume, Triumphe, Titel&#xD;
Das perfekte Rennsport-Geschenk für Jungen und Mädchen, die gar nicht genug Wissen über Verstappen sammeln können. In einer Geschichte lesen sie alles über seinen Weg vom Kart fahrenden Jungen bis zum Formel-1-Weltmeister: Wollte er immer Profi-Rennfahrer werden? Bei welchen Rennställen war er? Und was waren seine wichtigsten Rennen und Rekorde? In kindgerechten Statistiken können sie Spannendes über ihr Rennfahr-Idol lernen und sich im Verstappen-Quiz testen. So geht Lesenlernen mit Tempo!&#xD;
In dieser Erstlesereihe rund um große Sportstars können Jungen und Mädchen ab 7 Jahren alles über ihre Sportlidole lesen. Kurze Texte und viele Bilder im coolen Comic-Stil sprechen Kinder in der 2. und 3. Klasse an – egal, ob Leseratte oder lesefaul. So lässt sich Sport und Lesen lernen vereinen! DAS Geschenk zu Ostern, Weihnachten oder zum Geburtstag.&#xD;
Für weiteren Lesespaß in dieser Reihe sorgen bisher die Fußball-Stars-Bücher über Ronaldo, Messi, Mbappé, Kane, Haaland und Lewandowski.</marc:subfield>
   </marc:datafield>
   <marc:datafield ind1=" " ind2=" " tag="020">
      <marc:subfield code="a">9783473464692</marc:subfield>
      <marc:subfield code="9">9783473464692</marc:subfield>
   </marc:datafield>
   <marc:datafield ind1=" " ind2=" " tag="020">
      <marc:subfield code="a">3473464694</marc:subfield>
      <marc:subfield code="9">3473464694</marc:subfield>
   </marc:datafield>
   <marc:datafield ind1=" " ind2=" " tag="041">
      <marc:subfield code="a">ger</marc:subfield>
   </marc:datafield>
   <marc:datafield ind1=" " ind2=" " tag="300">
      <marc:subfield code="b">Schwarz-weiß illustriert</marc:subfield>
   </marc:datafield>
   <marc:datafield ind1=" " ind2=" " tag="338">
      <marc:subfield code="a">Band</marc:subfield>
   </marc:datafield>
   <marc:datafield ind1=" " ind2=" " tag="300">
      <marc:subfield code="a">123 Seiten</marc:subfield>
   </marc:datafield>
</marc:record>
